Classical electrodynamics / (Record no. 10321)

MARC details
000 -LEADER
fixed length control field 01179pam a2200313 i 4500
001 - CONTROL NUMBER
control field 4491764
003 - CONTROL NUMBER IDENTIFIER
control field EG-ScBUE
005 - DATE AND TIME OF LATEST TRANSACTION
control field 20250629092214.0
008 - FIXED-LENGTH DATA ELEMENTS--GENERAL INFORMATION
fixed length control field 971204t1999 njua f b 001 0 eng d
020 ## - INTERNATIONAL STANDARD BOOK NUMBER
International Standard Book Number 9780471309321
040 ## - CATALOGING SOURCE
Original cataloging agency EG-ScBUE
Language of cataloging eng
Description conventions rda
Transcribing agency EG-ScBUE
Modifying agency EG-ScBUE
082 04 - DEWEY DECIMAL CLASSIFICATION NUMBER
Classification number 537.6
Edition number 22
Item number JAC
100 1# - MAIN ENTRY--PERSONAL NAME
Personal name Jackson, John David,
Dates associated with a name 1925-2016,
Relator term author.
9 (RLIN) 9060
245 10 - TITLE STATEMENT
Title Classical electrodynamics /
Statement of responsibility, etc John David Jackson, professor emeritus of physics, University of California, Berkeley.
250 ## - EDITION STATEMENT
Edition statement Third edition.
264 #1 - PUBLICATION, DISTRIBUTION, ETC. (IMPRINT)
Place of publication, distribution, etc Hoboken, New Jersey :
Name of publisher, distributor, etc John Wiley & Sons, Inc.,
Date of publication, distribution, etc [1999]
264 #4 - PUBLICATION, DISTRIBUTION, ETC. (IMPRINT)
Date of publication, distribution, etc c1999
300 ## - PHYSICAL DESCRIPTION
Extent xxi, 808 pages :
Other physical details illustrations ;
Dimensions 26 cm
336 ## - CONTENT TYPE
Source rdacontent
Content type term text
Content type code txt
337 ## - MEDIA TYPE
Media type term unmediated
Source rdamedia
Media type code n
338 ## - CARRIER TYPE
Carrier type term volume
Carrier type code nc
Source rdacarrier
500 ## - GENERAL NOTE
General note Includes Appendices.<br/>
504 ## - BIBLIOGRAPHY, ETC. NOTE
Bibliography, etc Includes bibliographical references and index.<br/>
650 #7 - SUBJECT ADDED ENTRY--TOPICAL TERM
Topical term or geographic name as entry element Electrodynamics.
9 (RLIN) 9061
Source of heading or term BUEsh
655 ## - INDEX TERM--GENRE/FORM
Form subdivision Reading book
856 42 - ELECTRONIC LOCATION AND ACCESS
Materials specified Publisher description
Uniform Resource Identifier <a href="http://www.loc.gov/catdir/description/wiley033/97046873.html">http://www.loc.gov/catdir/description/wiley033/97046873.html</a>
856 4# - ELECTRONIC LOCATION AND ACCESS
Materials specified Table of Contents
Uniform Resource Identifier <a href="http://www.loc.gov/catdir/toc/onix04/97046873.html">http://www.loc.gov/catdir/toc/onix04/97046873.html</a>
942 ## - ADDED ENTRY ELEMENTS (KOHA)
Source of classification or shelving scheme Dewey Decimal Classification
Koha item type NB - Book (Non borrowing)
Holdings
Withdrawn status Lost status Source of classification or shelving scheme Damaged status Not for loan Collection code Home library Current library Shelving location Date acquired Source of acquisition Total Checkouts Full call number Barcode Date last seen Koha item type Total Renewals Date checked out Price effective from Checked out
    Dewey Decimal Classification     Baccah Central Library Central Library First floor 14/12/2008 Purchase   537.6 JAC 000014130 15/07/2025 NB - Book (Non borrowing)        
    Dewey Decimal Classification     Baccah Central Library Central Library First floor 14/12/2008 Purchase 2 537.6 JAC 000013958 15/07/2025 Book - Borrowing 13 21/04/2010 14/12/2008  
    Dewey Decimal Classification     Baccah Central Library Central Library First floor 14/12/2008 Purchase 3 537.6 JAC 000014296 15/07/2025 Book - Borrowing 5 17/05/2010 14/12/2008  
    Dewey Decimal Classification     Baccah Central Library Central Library First floor 18/10/2009 Purchase 2 537.6 JAC 000018413 18/03/2019 Book - Borrowing 25 18/03/2019 18/10/2009 18/03/2020